000 01253nam a2200349 a 4500
999 _c6798
_d6798
001 6798
003 BD-JhCC
005 20180130161745.0
008 180130s1993 xnaa||||||| ||||0|||eng d
020 _a1864100001
035 _a(BD-JhCC)6798
035 _a86232
040 _aBD-JhCC
_cNSL:R
_dBD-JhCC
041 _aeng
082 0 4 _a823.5
_220
_bDEF 1957
100 1 _aDefoe, Daniel
_d1661?-1731.
240 1 0 _aRobinson Crusoe
245 1 0 _aRobinson Crusoe /
_cDaniel Defoe.
260 _a[Ashfield, N.S.W.?] :
_bNew Media Press,
_c[1993?].
300 _a128 p. ;
_c18 cm.
490 1 _aDigital classics
490 1 _aHeritage series
500 _aSystem requirements : "Minimum : a Macintosh Plus with hard drive or better. At least Hypercard 2.1 or Hypercard Player System 6.0.5 or later. 1.5Mb of free memory (RAM) available for Hypercard ; Ideal : Macintosh Powerbook or duo with 8Mb of RAM".
500 _a"Requires 2.0 meg free space on your hard drive" --Disk.
500 _aTitle from container.
500 _aDisk is packaged in a Compact Disk case.
650 _aRobinson Crusoe
830 0 _aDigital classics (New Media Press)
830 0 _aHeritage series (New Media Press)
942 _2ddc
_cBK